000 00193 a2200097 4500
020 _a1572575794
041 _aspa
100 _aButler, Andrea
245 _aEl cajon de los juguetes
942 _cBK
999 _c31926
_d31924